000
00311nam a2200121Ia 4500
008
220204s9999 xx 000 0 und d
082
_a
077.02
_b
GOR
100
_a
Gorokhovski, Yu N
245
0
_a
Spectal studies of the photographic process
260
_a
London
_b
Focal
_c
1960
505
_a
Set price
942
_c
BK
999
_c
35995
_d
35995